000 00279nam a22001097a 4500
008 121031t xxu||||| |||| 00| 0 eng d
020 _a9988796706
050 _aHQ799.G55T47
100 _aTetteh, M.N.
245 _aThe Ghana young pioneer movement. /
_cM N Tetteh
942 _2lcc
_cBK
999 _c2469
_d9969